000 00364nam a2200121Ia 4500
005 20260328101449.0
008 260328s9999||||xx |||||||||||||| ||und||
100 _ade Ezcurra, Héctor
245 0 _aArquitectura en la Argentina - Vol. 10 :
_b Realizaciones y Planteos de hoy /
_cHéctor de Ezcurra
260 _bEudeba
650 _aARQUITECTURA REGIONAL
942 _cBK
999 _c8585
_d8585